Global shift : (Record no. 1627)
[ view plain ]
| 000 -LEADER | |
|---|---|
| fixed length control field | 00697nam a22002535a 4500 |
| 001 - CONTROL NUMBER | |
| control field | 16126302 |
| 003 - CONTROL NUMBER IDENTIFIER | |
| control field | GZU |
| 005 - DATE AND TIME OF LATEST TRANSACTION | |
| control field | 20201021085158.0 |
| 008 - FIXED-LENGTH DATA ELEMENTS--GENERAL INFORMATION | |
| fixed length control field | 100309s2011 cau 000 0 eng |
| 010 ## - LIBRARY OF CONGRESS CONTROL NUMBER | |
| LC control number | 2010924373 |
| 020 ## - INTERNATIONAL STANDARD BOOK NUMBER | |
| International Standard Book Number | 9781446282090 |
| 040 ## - CATALOGING SOURCE | |
| Original cataloging agency | DLC |
| Transcribing agency | DLC |
| 042 ## - AUTHENTICATION CODE | |
| Authentication code | pcc |
| 050 ## - LIBRARY OF CONGRESS CALL NUMBER | |
| Classification number | HD 2321 |
| Item number | .DIC 2011 |
| 100 1# - MAIN ENTRY--PERSONAL NAME | |
| Personal name | Dicken, Peter. |
| 245 10 - TITLE STATEMENT | |
| Title | Global shift : |
| Remainder of title | mapping the changing contours of the world economy / |
| Statement of responsibility, etc. | Peter Dicken. |
| 250 ## - EDITION STATEMENT | |
| Edition statement | 7th ed. |
| 260 ## - PUBLICATION, DISTRIBUTION, ETC. | |
| Place of publication, distribution, etc. | Thousand Oaks, CA : |
| Name of publisher, distributor, etc. | Sage, |
| Date of publication, distribution, etc. | 2011. |
| 263 ## - PROJECTED PUBLICATION DATE | |
| Projected publication date | 1111 |
| 300 ## - PHYSICAL DESCRIPTION | |
| Extent | p. cm. |
| 906 ## - LOCAL DATA ELEMENT F, LDF (RLIN) | |
| a | 0 |
| b | ibc |
| c | orignew |
| d | 2 |
| e | epcn |
| f | 20 |
| g | y-gencatlg |
| 942 ## - ADDED ENTRY ELEMENTS (KOHA) | |
| Source of classification or shelving scheme | Library of Congress Classification |
| Koha item type | Books |
| Edition | 7th ed. |
| Classification part | 2321 |
| Item part | DIC |
| Call number prefix | HD |
| Withdrawn status | Lost status | Damaged status | Not for loan | Collection code | Home library | Current library | Shelving location | Date acquired | Total Checkouts | Full call number | Barcode | Date last seen | Copy number | Price effective from | Koha item type | Source of classification or shelving scheme |
|---|---|---|---|---|---|---|---|---|---|---|---|---|---|---|---|---|
| Non-fiction | City Campus Library | City Campus Library | General Stacks | 10/21/2020 | HD 2321 DIC 2015 | 028014 | 10/21/2020 | c.1 | 10/21/2020 | Books | ||||||
| Non-fiction | City Campus Library | City Campus Library | General Stacks | 10/21/2020 | HD 2321 DIC 2015 | 028013 | 10/21/2020 | c.2 | 10/21/2020 | Books | ||||||
| Non-fiction | City Campus Library | City Campus Library | General Stacks | 10/21/2020 | HD 3221 DIC 2015 | 028790 | 10/21/2020 | c.3 | 10/21/2020 | Books | ||||||
| Non-fiction | Mashava Campus Library | Mashava Campus Library | General Stacks | 05/04/2021 | HD 3221 DIC 2015 | 028791 | 05/04/2021 | c.4 | 05/04/2021 | Books | Library of Congress Classification |